Coppa del mondo per club FIFA 2025 - Città - Statistics

Statistiche generali
  • Questo quiz è stato fatto 24 volte
  • Il punteggio medio è 7 su 11
Risposte nella Mappa
Le risposte nella mappa del quiz sottostante sono codificate secondo una scala di colori dal rosso al verde in base alla % di persone che hanno risposto correttamente.
 
Statistiche sulle risposte
Città % Corretto
New York
100%
Los Angeles
95%
Miami
95%
Seattle
77%
Washington
77%
Philadelphia
68%
Atlanta
50%
Orlando
50%
Charlotte
36%
Cincinnati
23%
Nashville
23%
Nessun quiz corrispondente trovato
Distribuzione punteggi
Percentuale di utenti per punteggio
Percentile per numero di risposta
I tuoi punteggi nel tempo
Non hai fatto questo quiz